Využívanie médií vo vyučovaní cudzích jazykov
Uplatnenie informačných technológií vo vzdelávaní predstavuje nielen významný prostriedok pre podporu výučby cudzích jazykov, ale zároveň poskytuje nové možnosti jej zefektívnenia a skvalitnenia. IT dopĺňajú a rozvíjajú tradičné metódy vo vyučovacom procese. Príspevok sa stručne venuje možnostiam vy...
Salvato in:
| Autore principale: | |
|---|---|
| Natura: | Capitolo di libro |
| Lingua: | slovacco |
| Soggetti: | |
| Tags: |
Nessun Tag, puoi essere il primo ad aggiungerne!!
|
MARC
| LEADER | 00000naa$a2200000$$$4500 | ||
|---|---|---|---|
| 001 | 0081917 | ||
| 005 | 20240502071923.8 | ||
| 041 | 0 | |a slo | |
| 044 | |a SK | ||
| 245 | 1 | 0 | |a Využívanie médií vo vyučovaní cudzích jazykov |c Eva Stradiotová |
| 520 | |a Uplatnenie informačných technológií vo vzdelávaní predstavuje nielen významný prostriedok pre podporu výučby cudzích jazykov, ale zároveň poskytuje nové možnosti jej zefektívnenia a skvalitnenia. IT dopĺňajú a rozvíjajú tradičné metódy vo vyučovacom procese. Príspevok sa stručne venuje možnostiam využitia médií vo vyučovaní cudzích jazykov a postojom študentov k využívaniu médií vo výučbe cudzích jazykov. | ||
| 610 | 2 | 0 | |a jazyky cudzie |
| 610 | 2 | 0 | |a vyučovanie |
| 610 | 2 | 0 | |a technológie informačné |
| 610 | 2 | 0 | |a postoje |
| 610 | 2 | 0 | |a internet |
| 610 | 2 | 0 | |a dotazníky |
| 100 | 1 | |a Stradiotová, Eva, 1963- | |